书目信息 |
| 题名: |
完美的记忆
|
|
| 作者: | 策普斯特, , 盖瑟哈特, 著 ;郑伊倩 译 | |
| 分册: | ||
| 出版信息: | 北京 中央编译出版社 2003.01 |
|
| 页数: | 268页 | |
| 开本: | 21cm | |
| 丛书名: | ||
| 单 册: | ||
| 中图分类: | B842.3 | |
| 科图分类: | ||
| 主题词: | 记忆术 | |
| 电子资源: | ||
| ISBN: | 7-80109-628-2 | |
| 000 | 01187nam0 2200277 450 | |
| 001 | 192004001486 | |
| 005 | 20070914150331.12 | |
| 010 | @a7-80109-628-2@dCNY19.80 | |
| 100 | @a20070531d2003 em y0chiy0121 ea | |
| 101 | 1 | @achi@cger |
| 102 | @aCN@b110000 | |
| 105 | @aa z 000yy | |
| 200 | 1 | @a完美的记忆@Awan mei de ji yi@f(德) 罗兰德·R. 盖瑟哈特, 玛里昂·策普斯特著@d= Das perfekte gedachtnis@eHinter jeder stirn ein superhirn@ehinter jeder stirn ein superhirn@fRoland R. Geisselhart, Marion Zerbst@g郑伊倩译@zger |
| 210 | @a北京@c中央编译出版社@d2003.01 | |
| 215 | @a268页@c图@d21cm | |
| 300 | @a并列题名:Das perfekte gedachtnis | |
| 314 | @a责任者Geisselhart规范汉译姓: 盖瑟哈特 ; Zerbst规范汉译姓: 策普斯特 | |
| 330 | @a本书可以帮助我们获得好的记忆力的能力,记忆力好是职业上成功的不可缺少的前提条件。 | |
| 510 | 1 | @aDas perfekte gedachtnis@ehinter jeder stirn ein superhirn@zger |
| 606 | 0 | @a记忆术 |
| 690 | @aB842.3@v4 | |
| 701 | 1 | @a策普斯特,@Ace pu si te@bM.@g(Zerbst, Marion)@f1956-@4著 |
| 701 | 1 | @a盖瑟哈特,@Agai se ha te@bR. R.@g(Geisselhart, Roland R.)@f1949-@4著 |
| 702 | 0 | @a郑伊倩@Azheng yi qian@4译 |
| 801 | 0 | @aCN@c20070914 |
| 905 | @dB842.3@eC177 | |
| 完美的记忆/(德) 罗兰德·R. 盖瑟哈特, 玛里昂·策普斯特著= Das perfekte gedachtnis:Hinter jeder stirn ein superhirn:hinter jeder stirn ein superhirn/Roland R. Geisselhart, Marion Zerbst/郑伊倩译.-北京:中央编译出版社,2003.01 |
| 268页:图;21cm |
| 并列题名:Das perfekte gedachtnis |
| ISBN 7-80109-628-2:CNY19.80 |
| 本书可以帮助我们获得好的记忆力的能力,记忆力好是职业上成功的不可缺少的前提条件。 |
| ● |
| 相关链接 |
|
|
|
正题名:完美的记忆
索取号:B842.3/C177
 
预约/预借
| 序号 | 登录号 | 条形码 | 馆藏地/架位号 | 状态 | 备注 |
| 1 | 625218 | 206252188 | 社科库509/509社科库 36排1列4层/ [索取号:B842.3/C177] | 在馆 | |
| 2 | 625219 | 206252197 | 社科库509/509社科库 36排1列4层/ [索取号:B842.3/C177] | 在馆 |